| 000 | 00530nam a2200193 i 4500 | ||
|---|---|---|---|
| 001 | sa 68003422 | ||
| 003 | DLC | ||
| 005 | 20260227112452.0 | ||
| 008 | 811023s1958 ii 00011 hin | ||
| 010 | _asa 68003422 //r81 | ||
| 050 | 0 |
_aPK2098.R24 _bD8 |
|
| 100 | 0 | 0 | _aRādheśyāma Vigata. |
| 245 | 1 | 0 |
_aDurabhisandhi / _cRādheśyāma 'Vigata'. |
| 250 | _a1. saṃskaraṇa. | ||
| 260 | 0 |
_aVārāṇasī : _bHindī Pracāraka Pustakālaya, _c[1958] |
|
| 300 |
_a183 p. ; _c19 cm. |
||
| 500 | _aIn Hindi. | ||
| 500 | _aA novel. | ||
| 999 |
_c79470 _d79470 |
||